Statistics for Top Lettuce and Chicory Producing Countries

Click here to take the quiz!

General Stats

  • This quiz has been taken 22 times
  • The average score is 8 of 10

Answer Stats

TonnesCountry% Correct
16.31 mChina
100%
3.69 mUnited States
100%
1.26 mIndia
100%
0.5 mTurkey
100%
0.52 mMexico
88%
1 mSpain
75%
0.76 mItaly
75%
0.58 mJapan
75%
0.55 mIran
63%
0.53 mBelgium
38%

Score Distribution

Percentile by Number Answered

Percent of People with Each Score

Your Score History

You have not taken this quiz